000 00302nam a2200121Ia 4500
008 220204s9999 xx 000 0 und d
082 _a581.2:638.15
_bBAI
100 _aBailey, Leslie
245 0 _aHoneybee pathology
260 _aLondon
_bAcademic
_c1981
650 _aHoney bee pathology
942 _cBK
999 _c37772
_d37772